बोधिचर्यावतार / (Record no. 62601)
[ view plain ]
| 000 -LEADER | |
|---|---|
| fixed length control field | 00827nam a22001817a 4500 |
| 005 - DATE AND TIME OF LATEST TRANSACTION | |
| control field | 20120213115125.0 |
| 020 ## - INTERNATIONAL STANDARD BOOK NUMBER | |
| Terms of availability | 210.00 |
| International Standard Book Number | |
| 035 ## - SYSTEM CONTROL NUMBER | |
| System control number | B-63915 |
| 037 ## - SOURCE OF ACQUISITION | |
| Source of stock number/acquisition | |
| Stock number | dpl |
| 082 ## - DEWEY DECIMAL CLASSIFICATION NUMBER | |
| Classification number | 181.493 |
| 100 ## - MAIN ENTRY--PERSONAL NAME | |
| Personal name | त्रिपाठी, रामशंकर |
| 245 1# - TITLE STATEMENT | |
| Title | बोधिचर्यावतार / |
| Statement of responsibility, etc | रामशंकर त्रिपाठी |
| 260 ## - PUBLICATION, DISTRIBUTION, ETC. (IMPRINT) | |
| Place of publication, distribution, etc | लेह |
| Name of publisher, distributor, etc | केन्द्रीय बौद्ध विद्या संस्थान |
| Date of publication, distribution, etc | 1986 |
| 270 ## - ADDRESS | |
| Address | |
| City | |
| Postal code | |
| Telephone number | |
| 300 ## - PHYSICAL DESCRIPTION | |
| Extent | 648पृ. |
| Dimensions | 22सेमी (सजिल्द) |
| 942 ## - ADDED ENTRY ELEMENTS (KOHA) | |
| Institution code [OBSOLETE] | dpl |
| Item type | Hindi Books |
| Call number prefix | |
| Source of classification or shelving scheme | Dewey Decimal Classification |
| Classification part | 181.493 |
| Call number suffix | त्रिपाठी |
| Withdrawn status | Lost status | Not for loan | Collection code | Home library | Current library | Date acquired | Cost, normal purchase price | Full call number | Barcode | Cost, replacement price | Koha item type | Public note |
|---|---|---|---|---|---|---|---|---|---|---|---|---|
| Non-fiction | Sarojini Nagar | Sarojini Nagar | 13/02/2012 | 210.00 | 181.493 त्रिपाठी | B-63915 | 210.00 | Hindi Books | Withdrawn List Prepared List No. 26/17 |
